[Event "European School-ch 2019"]
[Site "Mamaia"]
[Date "2019.06.08"]
[Round "9.20"]
[White "Sapocinic, Semion"]
[Black "Gurel, Ediz"]
[Result "1/2-1/2"]
[WhiteElo "1697"]
[BlackElo "1914"]
[Annotator "NA"]
[PlyCount "90"]
[EventDate "2019.05.31"]
[EventType "swiss"]
[EventCountry "ROU"]
[SourceTitle "playchess.com"]
[Source "ChessBase"]
[SourceQuality "1"]

1. e4 c5 2. Nf3 e6 3. g3 b6 4. Bg2 Bb7 5. Nc3 d6 6. O-O Nf6 7. Re1 Be7 8. d4 cxd4 9. Nxd4 Qd7 10. Be3 O-O 11. f4 Rc8 12. Bf2 Nc6 13. Nb3 Rab8 14. Qe2 Qe8 15. Rad1 Nd7 16. Nb5 Ba6 17. c4 Bxb5 18. cxb5 Nd8 19. Rc1 Nc5 20. Nd4 Qd7 21. Rc2 Rc7 22. Rec1 Rbc8 23. b3 Ncb7 24. Rxc7 Rxc7 25. Rxc7 Qxc7 26. Qc2 Qxc2 27. Nxc2 Kf8 28. Kf1 Ke8 29. Ke2 Kd7 30. Kd3 Nc5+ 31. Kc4 Kc7 32. b4 Nd7 33. Ne1 g6 34. Nd3 Bf6 35. Bd4 Bxd4 36. Kxd4 Nf8 37. e5 d5 38. Nf2 Kd7 39. Ng4 Ke7 40. Nf6 h5 41. h3 Nd7 42. Nxd7 Kxd7 43. g4 hxg4 44. hxg4 Ke7 45. f5 g5 1/2-1/2

[Event "European School-ch 2019"]
[Site "Mamaia"]
[Date "2019.06.08"]
[Round "9.21"]
[White "Celik, Hasan Huseyin"]
[Black "Nemsadze, Daviti"]
[Result "1-0"]
[WhiteElo "1727"]
[BlackElo "1803"]
[Annotator "NA"]
[PlyCount "89"]
[EventDate "2019.05.31"]
[EventType "swiss"]
[EventCountry "ROU"]
[SourceTitle "playchess.com"]
[Source "ChessBase"]
[SourceQuality "1"]

1. e4 c5 2. Nc3 Nc6 3. f4 e6 4. Nf3 d5 5. Bb5 a6 6. Bxc6+ bxc6 7. O-O Bb7 8. d3 Nf6 9. b3 Be7 10. Bb2 O-O 11. Ne5 Qc7 12. Qf3 Rad8 13. Rae1 Ne8 14. Qg3 Bf6 15. Na4 dxe4 16. dxe4 Qe7 17. Qe3 Qc7 18. Nxc5 Be7 19. Kh1 Nd6 20. a4 Bc8 21. Qg3 f6 22. Ned3 Nf7 23. e5 f5 24. Qf2 g5 25. g3 Kh8 26. b4 Rg8 27. Bc1 h6 28. Be3 Qb8 29. Qf3 Rg7 30. Rb1 Rd5 31. c4 Rd8 32. Rfd1 Rdg8 33. a5 Nd8 34. Na4 c5 35. Ndxc5 Nb7 36. Nxa6 Qa8 37. b5 gxf4 38. Nb6 Qa7 39. Nxc8 Qxe3 40. Qxe3 fxe3 41. Nxe7 Rxe7 42. Ra1 Rc8 43. Ra4 Rd8 44. Rxd8+ Nxd8 45. Kg2 1-0

[Event "European School-ch 2019"]
[Site "Mamaia"]
[Date "2019.06.08"]
[Round "9.22"]
[White "Gusev, Mikhail"]
[Black "Durak, Can"]
[Result "1-0"]
[WhiteElo "1463"]
[BlackElo "1646"]
[Annotator "NA"]
[PlyCount "59"]
[EventDate "2019.05.31"]
[EventType "swiss"]
[EventCountry "ROU"]
[SourceTitle "playchess.com"]
[Source "ChessBase"]
[SourceQuality "1"]

1. d4 d5 2. c4 e6 3. Nf3 Nf6 4. g3 Be7 5. Bg2 O-O 6. O-O dxc4 7. Ne5 c5 8. dxc5 Qc7 9. Nxc4 Qxc5 10. b3 Rd8 11. Qc2 Qc7 12. Bf4 Bd6 13. Bxd6 Rxd6 14. Nc3 Rd8 15. Rfd1 Bd7 16. Rd2 a6 17. Rad1 Nc6 18. Ne4 Nxe4 19. Qxe4 Rab8 20. Qh4 Be8 21. Nd6 Ne5 22. Qe4 f6 23. Bh3 Bd7 24. f4 Qb6+ 25. Kf1 Bc6 26. Bxe6+ Kh8 27. Qf5 Rf8 28. fxe5 fxe5 29. Nf7+ Kg8 30. Nd8+ 1-0

[Event "European School-ch 2019"]
[Site "Mamaia"]
[Date "2019.06.08"]
[Round "9.23"]
[White "Magold, Filip"]
[Black "Ciocani, Iosif"]
[Result "1/2-1/2"]
[WhiteElo "1906"]
[BlackElo "1740"]
[Annotator "NA"]
[PlyCount "101"]
[EventDate "2019.05.31"]
[EventType "swiss"]
[EventCountry "ROU"]
[SourceTitle "playchess.com"]
[Source "ChessBase"]
[SourceQuality "1"]

1. e4 c5 2. Nf3 g6 3. d4 cxd4 4. Nxd4 Bg7 5. Nc3 Nc6 6. Be3 Nf6 7. Bc4 O-O 8. Bb3 d5 9. exd5 Na5 10. O-O Nxb3 11. Nxb3 b6 12. d6 Qxd6 13. Qxd6 exd6 14. Rad1 Bf5 15. Nd4 Bd7 16. h3 d5 17. Bg5 Ne4 18. Be3 Nxc3 19. bxc3 Rac8 20. Rd3 Rc4 21. Rb1 Ra4 22. Rb2 Rc8 23. Ne2 Be6 24. Bd4 Ra3 25. Bxg7 Kxg7 26. Kf1 Kf6 27. Ke1 Rc5 28. Kd2 Ra4 29. Rd4 Rca5 30. Rxa4 Rxa4 31. Nd4 Ke5 32. Ke3 Bc8 33. Nc6+ Kd6 34. Nd4 Ba6 35. g3 Bc4 36. Nb3 Bf1 37. h4 Bc4 38. f3 f6 39. Kd2 h6 40. Ke3 g5 41. h5 f5 42. f4 gxf4+ 43. gxf4 Ke6 44. Nd4+ Kf6 45. Nb3 Ke6 46. Kf3 Kf6 47. Ke3 Ke6 48. Nd4+ Kf6 49. Rb1 Rxa2 50. Rg1 Ra4 51. Nb3 1/2-1/2

[Event "European School-ch 2019"]
[Site "Mamaia"]
[Date "2019.06.08"]
[Round "9.24"]
[White "Cosac, Robert-Mihai"]
[Black "Kotolashvili, Davit"]
[Result "0-1"]
[WhiteElo "1795"]
[BlackElo "1374"]
[Annotator "NA"]
[PlyCount "62"]
[EventDate "2019.05.31"]
[EventType "swiss"]
[EventCountry "ROU"]
[SourceTitle "playchess.com"]
[Source "ChessBase"]
[SourceQuality "1"]

1. d4 d5 2. c4 e6 3. Nc3 Be7 4. cxd5 exd5 5. Qc2 c6 6. e3 Nf6 7. Bd3 Nbd7 8. Nge2 O-O 9. O-O Re8 10. f3 c5 11. dxc5 Bxc5 12. Nd4 Ne5 13. Be2 Nc6 14. Rd1 Qe7 15. a3 Bb6 16. b4 Qe5 17. f4 Qc7 18. Ncb5 Qd7 19. Nxc6 bxc6 20. Nd4 Bb7 21. Nf5 Rac8 22. Qd3 Ba6 23. Qxa6 Qxf5 24. Bd3 Qd7 25. Re1 Ng4 26. b5 Nxe3 27. Bxe3 Rxe3 28. Rxe3 Bxe3+ 29. Kh1 Bxf4 30. Re1 g6 31. g3 Bxg3 0-1

[Event "European School-ch 2019"]
[Site "Mamaia"]
[Date "2019.06.08"]
[Round "9.25"]
[White "Kolesov, Gordey"]
[Black "Doychev, Ivan"]
[Result "1-0"]
[WhiteElo "1745"]
[BlackElo "1462"]
[Annotator "NA"]
[PlyCount "163"]
[EventDate "2019.05.31"]
[EventType "swiss"]
[EventCountry "ROU"]
[SourceTitle "playchess.com"]
[Source "ChessBase"]
[SourceQuality "1"]

1. d4 Nf6 2. Nf3 c5 3. d5 d6 4. Nc3 g6 5. e4 Bg4 6. Be2 Nbd7 7. a4 Bg7 8. O-O O-O 9. Ne1 Bxe2 10. Qxe2 Rc8 11. Nf3 Ne8 12. Be3 Nc7 13. Rfd1 a6 14. Nd2 b5 15. axb5 axb5 16. Nxb5 Nxb5 17. Qxb5 Rb8 18. Qe2 Rxb2 19. Nc4 Rb4 20. Ra6 Ne5 21. Nxe5 Bxe5 22. f4 Bg7 23. e5 Qb8 24. g3 Rb1 25. Bf2 Rc8 26. exd6 Rxd1+ 27. Qxd1 exd6 28. Qe2 Re8 29. Qc4 Bd4 30. Bxd4 cxd4 31. Ra1 Qb2 32. Rf1 Qb6 33. Kg2 Qc5 34. Qxc5 dxc5 35. Kf3 f5 36. Ra1 Rd8 37. Ke2 Kf7 38. Ra7+ Kf6 39. Rxh7 Rxd5 40. Rc7 Ke6 41. Kd3 Kd6 42. Rg7 Kc6 43. Rxg6+ Kb5 44. c4+ dxc3+ 45. Kxc3 c4 46. h4 Kc5 47. h5 Rd3+ 48. Kc2 Rd8 49. Rg5 Kb4 50. Rxf5 c3 51. Rf7 Rd2+ 52. Kc1 Kb3 53. Rb7+ Kc4 54. h6 Rh2 55. h7 Rh1+ 56. Kc2 Rh2+ 57. Kd1 Rh1+ 58. Ke2 Rh2+ 59. Ke3 c2 60. Rc7+ Kb3 61. Kd3 Rxh7 62. Rc3+ Kb4 63. Rxc2 Kb3 64. Rc6 Rh3 65. Rb6+ Ka3 66. Rg6 Kb4 67. Ke4 Rh1 68. Rc6 Kb5 69. Rc2 Rg1 70. Kf3 Rf1+ 71. Kg4 Rg1 72. f5 Rf1 73. Kg5 Rf3 74. g4 Ra3 75. f6 Ra7 76. Kg6 Ra6 77. g5 Ra7 78. f7 Ra6+ 79. Kg7 Ra7 80. Kg8 Ra8+ 81. f8=Q Rxf8+ 82. Kxf8 1-0

[Event "European School-ch 2019"]
[Site "Mamaia"]
[Date "2019.06.08"]
[Round "9.26"]
[White "Krawczyk, Flawian"]
[Black "Anghel, Teodor-Andrei"]
[Result "1-0"]
[WhiteElo "1795"]
[BlackElo "1415"]
[Annotator "NA"]
[PlyCount "79"]
[EventDate "2019.05.31"]
[EventType "swiss"]
[EventCountry "ROU"]
[SourceTitle "playchess.com"]
[Source "ChessBase"]
[SourceQuality "1"]

1. e4 c5 2. Nf3 d6 3. d4 cxd4 4. Nxd4 Nf6 5. Nc3 g6 6. Bc4 Bg7 7. O-O O-O 8. Re1 Bd7 9. h3 Nc6 10. Be3 Rc8 11. Bb3 Ne5 12. f4 Nc4 13. Bxc4 Rxc4 14. Qd3 Rc8 15. Rad1 a6 16. a4 Qc7 17. Nf3 Bc6 18. Bd4 Rfd8 19. Qe3 Re8 20. Qf2 Qb8 21. g4 Rcd8 22. Bb6 Rd7 23. Nd4 Rf8 24. b4 e5 25. Nb3 Re7 26. b5 Bd7 27. g5 Nh5 28. Nd5 Ree8 29. Bc7 Qc8 30. Bxd6 Be6 31. Bxf8 Bxf8 32. fxe5 Bxh3 33. Nf6+ Nxf6 34. exf6 Be6 35. Kg2 Bxb3 36. cxb3 Qe6 37. Qg3 Rc8 38. Re2 Bb4 39. Qh3 Qe8 40. Qd7 1-0

[Event "European School-ch 2019"]
[Site "Mamaia"]
[Date "2019.06.08"]
[Round "9.27"]
[White "Butolo, Alexandru-Mircea"]
[Black "Gabulov, Ilkin"]
[Result "1/2-1/2"]
[WhiteElo "1553"]
[BlackElo "1288"]
[Annotator "NA"]
[PlyCount "75"]
[EventDate "2019.05.31"]
[EventType "swiss"]
[EventCountry "ROU"]
[SourceTitle "playchess.com"]
[Source "ChessBase"]
[SourceQuality "1"]

1. d4 Nf6 2. Nf3 e6 3. c4 Bb4+ 4. Bd2 Bxd2+ 5. Qxd2 O-O 6. e3 d5 7. Nc3 Nbd7 8. Bd3 c5 9. cxd5 cxd4 10. Nxd4 exd5 11. O-O Ne5 12. Rfe1 Bd7 13. Rac1 Nxd3 14. Qxd3 Qb6 15. Re2 Rad8 16. Rec2 Rfe8 17. Nce2 Rc8 18. Rxc8 Rxc8 19. Rxc8+ Bxc8 20. Qc2 Bd7 21. Nf4 Qa5 22. h3 g5 23. Nd3 Qxa2 24. Nc5 Bc8 25. Ne4 Nxe4 26. Qxc8+ Kg7 27. Qxb7 a5 28. Qc6 Qb1+ 29. Kh2 Nf6 30. Qb5 Kg6 31. Qb6 Qe1 32. Nf3 Qxf2 33. Ne5+ Kg7 34. Qd4 Kg8 35. Nf3 Ne4 36. Qxd5 Qg3+ 37. Kg1 Qf2+ 38. Kh2 1/2-1/2

[Event "European School-ch 2019"]
[Site "Mamaia"]
[Date "2019.06.08"]
[Round "9.28"]
[White "Paunescu, Stefan-Vlad"]
[Black "Karimli, Yusif"]
[Result "0-1"]
[WhiteElo "1358"]
[BlackElo "1470"]
[Annotator "NA"]
[PlyCount "114"]
[EventDate "2019.05.31"]
[EventType "swiss"]
[EventCountry "ROU"]
[SourceTitle "playchess.com"]
[Source "ChessBase"]
[SourceQuality "1"]

1. e4 e6 2. f4 d5 3. e5 c5 4. Nf3 Nc6 5. c3 Qb6 6. Na3 Nh6 7. Nc2 Be7 8. d4 cxd4 9. Nfxd4 Nxd4 10. Nxd4 O-O 11. Bd3 Nf5 12. Nxf5 exf5 13. Qc2 g6 14. Bd2 Be6 15. h4 f6 16. O-O-O Rfc8 17. h5 d4 18. c4 Qa6 19. Kb1 Bxc4 20. Bxc4+ Qxc4 21. Qxc4+ Rxc4 22. hxg6 hxg6 23. Rh6 fxe5 24. fxe5 Rc6 25. Rdh1 Kf7 26. Rh7+ Ke6 27. R1h6 Re8 28. Rxg6+ Kxe5 29. Rgg7 Re6 30. Rh1 Kd5 31. Rc1 Re2 32. Rd1 Ke4 33. Rg6 Bc5 34. g4 f4 35. Rf6 Rf8 36. Rg6 f3 37. b4 Bb6 38. Bh6 Rf7 39. Re6+ Kd5 40. Rg6 f2 41. Rg5+ Ke4 42. Bg7 Kf3 43. Rh5 Re1 44. Rh1 Rxd1+ 45. Rxd1 Kg2 46. Rd2 Kg1 47. Rd1+ f1=Q 48. Rxf1+ Kxf1 49. Be5 d3 50. Bc3 Ke2 51. g5 d2 52. Bxd2 Kxd2 53. g6 Rf6 54. a4 Rxg6 55. a5 Kc3 56. axb6 axb6 57. Kc1 Rg1# 0-1

[Event "European School-ch 2019"]
[Site "Mamaia"]
[Date "2019.06.08"]
[Round "9.29"]
[White "Danila, Tudor-Gabriel"]
[Black "Durucay, Uygar"]
[Result "0-1"]
[WhiteElo "1336"]
[BlackElo "1575"]
[Annotator "NA"]
[PlyCount "84"]
[EventDate "2019.05.31"]
[EventType "swiss"]
[EventCountry "ROU"]
[SourceTitle "playchess.com"]
[Source "ChessBase"]
[SourceQuality "1"]

1. Nf3 d5 2. d4 Nf6 3. g3 e6 4. Bg2 c5 5. O-O Nc6 6. c4 Be7 7. cxd5 exd5 8. dxc5 Bxc5 9. Nc3 d4 10. Na4 Be7 11. Qd3 O-O 12. a3 Qa5 13. Qc2 Bf5 14. Qc4 Be6 15. Qc2 Qb5 16. b4 a5 17. Bb2 axb4 18. axb4 Qxb4 19. Rfb1 Bb3 20. Qd3 Rxa4 21. Bxd4 Nxd4 22. Nxd4 Qxd4 23. Qxd4 Rxd4 24. Rxb3 Rfd8 25. Bf1 R4d7 26. Ra7 Rb8 27. Bg2 b6 28. Ra6 Bc5 29. e3 Rd1+ 30. Bf1 Ne4 31. Rd3 Rb1 32. Kg2 Rb2 33. Kf3 f5 34. Be2 Ng5+ 35. Kf4 Nh3+ 36. Kxf5 Rxe2 37. Rd7 Rf8+ 38. Kg4 Nxf2+ 39. Kh4 Rxe3 40. Raa7 Re4+ 41. Kg5 Be3+ 42. Kh5 Rf5# 0-1

[Event "European School-ch 2019"]
[Site "Mamaia"]
[Date "2019.06.08"]
[Round "9.30"]
[White "Qalabegashvili, Data"]
[Black "Bayramli, Rafael"]
[Result "0-1"]
[WhiteElo "1309"]
[BlackElo "1331"]
[Annotator "NA"]
[PlyCount "146"]
[EventDate "2019.05.31"]
[EventType "swiss"]
[EventCountry "ROU"]
[SourceTitle "playchess.com"]
[Source "ChessBase"]
[SourceQuality "1"]

1. e4 c5 2. Nf3 d6 3. d4 cxd4 4. Nxd4 Nf6 5. Nc3 g6 6. f3 Bg7 7. Be3 O-O 8. Qd2 Nc6 9. Bc4 Bd7 10. Bb3 a6 11. O-O-O b5 12. h4 Na5 13. g4 Nc4 14. Bxc4 bxc4 15. h5 Rb8 16. hxg6 fxg6 17. Bh6 Qa5 18. Bxg7 Kxg7 19. Qh6+ Kg8 20. g5 Nh5 21. Rdg1 Qe5 22. Nce2 Qg7 23. c3 e5 24. Nc2 Rxf3 25. Qxg7+ Kxg7 26. Rd1 Rb6 27. Nb4 Be6 28. Rd2 a5 29. Nd5 Bxd5 30. Rxd5 Rf2 31. Rd2 Rg2 32. Rhd1 Kf7 33. Rg1 Rxg1+ 34. Nxg1 Ng3 35. Rh2 Kg8 36. Rh4 Rb7 37. Rg4 Nh5 38. Ne2 Rf7 39. b4 cxb3 40. axb3 Rf1+ 41. Kd2 a4 42. bxa4 Ra1 43. Kc2 Rxa4 44. Kb3 Ra1 45. Kc4 Kf7 46. Ng3 Rg1 47. Nf5 Rxg4 48. Nh6+ Ke6 49. Nxg4 Nf4 50. Nf2 Ke7 51. Kb5 Ne6 52. Nh3 Kd7 53. Kb6 Nc5 54. Nf2 Na4+ 55. Kb5 Nxc3+ 56. Kc4 Ne2 57. Ng4 Ng3 58. Kd5 Nh5 59. Kc4 Ke6 60. Ne3 Ng3 61. Kd3 Nh5 62. Kc4 Nf4 63. Ng4 Nh3 64. Kd3 Nxg5 65. Nh6 d5 66. exd5+ Kxd5 67. Ke3 Ke6 68. Ke2 Nf7 69. Ng8 h5 70. Kf3 Ng5+ 71. Kg3 Kf7 72. Kh4 Kxg8 73. Kxg5 Kg7 0-1

[Event "European School-ch 2019"]
[Site "Mamaia"]
[Date "2019.06.08"]
[Round "9.31"]
[White "Kumar, Sanjit S"]
[Black "Ochedzan, Filip"]
[Result "1/2-1/2"]
[WhiteElo "1392"]
[BlackElo "1298"]
[Annotator "NA"]
[PlyCount "65"]
[EventDate "2019.05.31"]
[EventType "swiss"]
[EventCountry "ROU"]
[SourceTitle "playchess.com"]
[Source "ChessBase"]
[SourceQuality "1"]

1. e4 c5 2. Nf3 d6 3. d4 cxd4 4. Nxd4 Nf6 5. Nc3 a6 6. Be2 e5 7. Nb3 Be6 8. O-O Be7 9. a4 O-O 10. Be3 Nbd7 11. Qd2 Qc7 12. Rfd1 Nb6 13. a5 Nc4 14. Bxc4 Bxc4 15. Nd5 Nxd5 16. exd5 f5 17. f3 Qd8 18. Qb4 Bxb3 19. Qxb3 Qd7 20. Ra4 Qb5 21. Rb4 Qe2 22. Rf1 Rf6 23. Rxb7 Rg6 24. Bf2 Bh4 25. g3 f4 26. g4 Bf6 27. Rb8+ Rxb8 28. Qxb8+ Kf7 29. Qxd6 Qxf3 30. Qe6+ Kf8 31. Qc8+ Kf7 32. Qe6+ Kf8 33. Qc8+ 1/2-1/2

[Event "European School-ch 2019"]
[Site "Mamaia"]
[Date "2019.06.08"]
[Round "9.32"]
[White "Utlu, Mustafa Ali"]
[Black "Zheng, Harry Z"]
[Result "0-1"]
[WhiteElo "1148"]
[BlackElo "1653"]
[Annotator "NA"]
[PlyCount "66"]
[EventDate "2019.05.31"]
[EventType "swiss"]
[EventCountry "ROU"]
[SourceTitle "playchess.com"]
[Source "ChessBase"]
[SourceQuality "1"]

1. d4 Nf6 2. Bf4 e6 3. Nf3 d5 4. e3 c5 5. c3 Bd6 6. Bg3 O-O 7. Bd3 Qc7 8. Nbd2 Nbd7 9. e4 e5 10. Rc1 Re8 11. O-O exd4 12. cxd4 dxe4 13. Nxe4 Nxe4 14. Re1 Nef6 15. Bxd6 Rxe1+ 16. Nxe1 Qxd6 17. dxc5 Qe7 18. c6 bxc6 19. Nf3 Bb7 20. Nd4 Ne5 21. Nf5 Qd7 22. Bc2 Qxd1+ 23. Rxd1 Nc4 24. Bb3 g6 25. Ng3 Ne5 26. Rd6 Kg7 27. f4 Neg4 28. f5 Re8 29. Rd1 Ne3 30. fxg6 Nxd1 31. gxf7 Re1+ 32. Nf1 Ba6 33. f8=Q+ Kxf8 0-1

[Event "European School-ch 2019"]
[Site "Mamaia"]
[Date "2019.06.08"]
[Round "9.33"]
[White "Yasmo, Daniil"]
[Black "Taragan, Uri"]
[Result "1-0"]
[WhiteElo "1424"]
[BlackElo "1164"]
[Annotator "NA"]
[PlyCount "81"]
[EventDate "2019.05.31"]
[EventType "swiss"]
[EventCountry "ROU"]
[SourceTitle "playchess.com"]
[Source "ChessBase"]
[SourceQuality "1"]

1. d4 Nf6 2. Bf4 c5 3. e3 Qb6 4. b3 e6 5. Nf3 cxd4 6. exd4 Nc6 7. c3 d5 8. Bd3 Bd7 9. O-O Rc8 10. Ne5 Nxe5 11. dxe5 Ng8 12. Qe2 Bc5 13. Nd2 a5 14. c4 Ne7 15. Bg3 O-O 16. Kh1 Rc7 17. f4 Rfc8 18. Nf3 a4 19. Qc2 h6 20. Rab1 dxc4 21. bxc4 Qa7 22. Nd2 Bc6 23. Ne4 Bxe4 24. Bxe4 Be3 25. Qd3 Qd4 26. Qxd4 Bxd4 27. Bxb7 Rb8 28. Ba6 Ra8 29. Bb5 Rb8 30. Bxa4 Rxb1 31. Rxb1 Rxc4 32. Bb3 Rb4 33. Be1 Rb7 34. Bd2 Nd5 35. Rc1 Be3 36. Bxd5 Rd7 37. Rc8+ Kh7 38. Be4+ g6 39. Bxe3 Rd1+ 40. Bg1 Re1 41. Bf3 1-0

[Event "European School-ch 2019"]
[Site "Mamaia"]
[Date "2019.06.08"]
[Round "9.34"]
[White "Korovko, Iakov"]
[Black "Celik, Ali Alper"]
[Result "1-0"]
[WhiteElo "1232"]
[BlackElo "1169"]
[Annotator "NA"]
[PlyCount "75"]
[EventDate "2019.05.31"]
[EventType "swiss"]
[EventCountry "ROU"]
[SourceTitle "playchess.com"]
[Source "ChessBase"]
[SourceQuality "1"]

1. e4 e6 2. d4 d5 3. Nc3 Bb4 4. e5 c5 5. Bd2 Ne7 6. a3 cxd4 7. axb4 dxc3 8. Bxc3 O-O 9. Nf3 Qc7 10. Bd3 Ng6 11. O-O Nd7 12. Re1 b6 13. Ng5 Bb7 14. Qh5 h6 15. Nxe6 fxe6 16. Qxg6 Rfe8 17. Re3 Nf8 18. Qg4 Re7 19. Rh3 Kh8 20. Qh5 Qc6 21. Bd4 Qe8 22. Qxe8 Rexe8 23. Bb5 Rec8 24. c3 Ng6 25. Re3 Bc6 26. Bxc6 Rxc6 27. Ra6 Rac8 28. Rxa7 Rc4 29. g3 R4c6 30. b5 R6c7 31. Bxb6 Rxa7 32. Bxa7 Rc7 33. b6 Rb7 34. Re1 Ne7 35. Ra1 Nc6 36. f4 Kh7 37. Kf2 Kg6 38. Ke3 1-0

[Event "European School-ch 2019"]
[Site "Mamaia"]
[Date "2019.06.08"]
[Round "9.35"]
[White "Tutunculer, Cagan"]
[Black "Kliashtornyi, Arkadii"]
[Result "1/2-1/2"]
[WhiteElo "1193"]
[BlackElo "1317"]
[Annotator "NA"]
[PlyCount "90"]
[EventDate "2019.05.31"]
[EventType "swiss"]
[EventCountry "ROU"]
[SourceTitle "playchess.com"]
[Source "ChessBase"]
[SourceQuality "1"]

1. c4 e5 2. Nc3 Nc6 3. g3 d6 4. Bg2 Nf6 5. e3 g6 6. Nge2 Bg7 7. O-O Be6 8. Nd5 Qd7 9. d3 h5 10. h4 O-O 11. Qd2 Bh3 12. Nec3 Bxg2 13. Kxg2 Nxd5 14. cxd5 Ne7 15. e4 Kh8 16. Qe2 Rg8 17. f4 f6 18. Be3 c6 19. dxc6 Qxc6 20. Rac1 Qd7 21. Kh2 Kh7 22. Rg1 f5 23. Qf3 b6 24. Rcf1 Raf8 25. Qg2 Bh6 26. Bd2 Bg7 27. b4 Rc8 28. a4 exf4 29. Nd1 fxg3+ 30. Qxg3 Rc2 31. Rg2 Rxd2 32. Rxd2 Be5 33. Rf4 Bxf4 34. Qxf4 Rg7 35. b5 d5 36. Nc3 dxe4 37. dxe4 Qc8 38. Nd5 Nxd5 39. exd5 Qd8 40. d6 Rd7 41. Kh3 Qc8 42. Qd4 Qh8 43. Qe3 Qf6 44. Qf4 Qc3+ 45. Kg2 Qf6 1/2-1/2

[Event "European School-ch 2019"]
[Site "Mamaia"]
[Date "2019.06.08"]
[Round "9.36"]
[White "Mirzoyan, Davit T."]
[Black "Simsek, Suat Can"]
[Result "1-0"]
[WhiteElo "2388"]
[BlackElo "1761"]
[Annotator "ChessBase"]
[PlyCount "37"]
[EventDate "2019.05.31"]
[EventType "swiss"]
[EventCountry "ROU"]
[SourceTitle "playchess.com"]
[Source "ChessBase"]
[SourceQuality "1"]

1. d4 Nf6 2. Bf4 g6 3. e3 Bg7 4. h3 O-O 5. Nf3 d6 6. Bd3 Nbd7 7. O-O Re8 8. Bg3 e5 9. dxe5 dxe5 10. Be2 c6 11. c3 Nh5 12. Bh2 Qb6 13. Qc2 Nc5 14. Nbd2 Be6 15. Ng5 Bd7 16. Bxh5 gxh5 17. Qxh7+ Kf8 18. Qxh5 Bf5 19. Qxf7# 1-0

[Event "European School-ch 2019"]
[Site "Mamaia"]
[Date "2019.06.08"]
[Round "9.37"]
[White "Allahverdi, Umid"]
[Black "Savu, Vicentiu-Dorian"]
[Result "1-0"]
[WhiteElo "1018"]
[BlackElo "1133"]
[Annotator "NA"]
[PlyCount "99"]
[EventDate "2019.05.31"]
[EventType "swiss"]
[EventCountry "ROU"]
[SourceTitle "playchess.com"]
[Source "ChessBase"]
[SourceQuality "1"]

1. e4 c5 2. Nf3 e6 3. d4 cxd4 4. Nxd4 Nf6 5. Nc3 d6 6. f4 a6 7. Be3 Be7 8. Qf3 Qc7 9. O-O-O b5 10. g4 h6 11. g5 Nfd7 12. g6 fxg6 13. Nxe6 Qc6 14. Nd5 Bb7 15. Nec7+ Kf7 16. Nxa8 Bxa8 17. f5 Rf8 18. fxg6+ Ke8 19. Qe2 Bb7 20. Qd2 Ne5 21. Qg2 Nc4 22. Bxc4 Qxc4 23. Kb1 Nd7 24. Qh3 Bxd5 25. exd5 Ne5 26. Bd4 Nf3 27. Bxg7 Ng5 28. Qxh6 Rf2 29. Rc1 Ne4 30. Qh8+ Kd7 31. Qh3+ Kc7 32. Qd3 Rf3 33. Qxc4+ bxc4 34. Bd4 Nd2+ 35. Ka1 Rf8 36. g7 Rg8 37. Rcd1 Nf3 38. Rdf1 Nd2 39. Rf7 Kd7 40. Bf6 c3 41. Rxe7+ Kc8 42. bxc3 a5 43. Ra7 a4 44. Ra8+ Kd7 45. Rxg8 a3 46. Rd8+ Kc7 47. g8=Q Nb1 48. Qf7+ Kb6 49. Rxb1+ Kc5 50. Rc8# 1-0

[Event "European School-ch 2019"]
[Site "Mamaia"]
[Date "2019.06.08"]
[Round "9.41"]
[White "Ismayilova, Khanim"]
[Black "Shatil, Or"]
[Result "0-1"]
[WhiteElo "1225"]
[BlackElo "1199"]
[Annotator "NA"]
[PlyCount "108"]
[EventDate "2019.05.31"]
[EventType "swiss"]
[EventCountry "ROU"]
[SourceTitle "playchess.com"]
[Source "ChessBase"]
[SourceQuality "1"]

1. d4 Nf6 2. Bf4 d5 3. Nf3 e6 4. e3 c5 5. c3 Nc6 6. Bd3 Bd6 7. Ne5 Bxe5 8. Bxe5 O-O 9. Bxf6 Qxf6 10. dxc5 e5 11. Qf3 Qxf3 12. gxf3 Bd7 13. Nd2 Rac8 14. Bb5 a6 15. Ba4 Rfd8 16. Bxc6 Bxc6 17. b4 a5 18. a3 axb4 19. axb4 Ra8 20. O-O h6 21. Nb3 Rxa1 22. Rxa1 d4 23. cxd4 Bxf3 24. Nd2 Bc6 25. Ra3 exd4 26. Rd3 Ra8 27. h3 Ra1+ 28. Kh2 Rh1+ 29. Kg3 Rg1+ 30. Kf4 g5+ 31. Ke5 dxe3 32. Rxe3 Kg7 33. Nc4 Rd1 34. Kf5 Rd5+ 35. Ke4 f5+ 36. Kf3 Rd2+ 37. Re4 Bxe4+ 38. Ke3 Rd3+ 39. Ke2 Rxh3 40. Nd6 Rb3 41. b5 Rc3 42. Nxb7 Bxb7 43. c6 Bxc6 44. bxc6 Rxc6 45. Kf3 h5 46. Kg2 h4 47. Kh2 g4 48. Kg2 h3+ 49. Kh2 Rc1 50. Kg3 Rg1+ 51. Kh2 Rg2+ 52. Kh1 Rxf2 53. Kg1 g3 54. Kh1 Rf1# 0-1

[Event "European School-ch 2019"]
[Site "Mamaia"]
[Date "2019.06.08"]
[Round "9.43"]
[White "Korolchuk, Vladyslava"]
[Black "Sida, Flavia-Maria"]
[Result "1/2-1/2"]
[WhiteElo "1032"]
[BlackElo "1219"]
[Annotator "NA"]
[PlyCount "124"]
[EventDate "2019.05.31"]
[EventType "swiss"]
[EventCountry "ROU"]
[SourceTitle "playchess.com"]
[Source "ChessBase"]
[SourceQuality "1"]

1. c4 e6 2. g3 d5 3. cxd5 exd5 4. Bg2 Nf6 5. Nf3 c6 6. d3 Nbd7 7. O-O Be7 8. Nc3 O-O 9. b3 Bb4 10. Bb2 Qa5 11. Qc2 Qc5 12. d4 Qe7 13. a3 Ba5 14. b4 Bb6 15. a4 a6 16. e3 Re8 17. Ba3 Qe6 18. h3 h6 19. Rfe1 Ne4 20. Nxe4 Qxe4 21. Qxe4 dxe4 22. Nd2 Nf6 23. Rac1 Bf5 24. g4 Bg6 25. Bb2 Nd5 26. Ba3 Bc7 27. Nb3 Bd6 28. Nc5 b6 29. Nb7 Bxb4 30. Bxb4 Nxb4 31. Rc4 Nd3 32. Rb1 b5 33. axb5 cxb5 34. Rc2 Rec8 35. Rd2 Re8 36. Nd6 Re6 37. Nxe4 Bxe4 38. Bxe4 Rxe4 39. Rxd3 Ree8 40. d5 Red8 41. e4 f6 42. f4 Kf7 43. e5 fxe5 44. fxe5 Ke7 45. Kf2 Rab8 46. Ra1 Rb6 47. Ke3 b4 48. d6+ Ke6 49. Ke4 Rb5 50. d7 Rxe5+ 51. Kf4 g5+ 52. Kf3 Rxd7 53. Rxa6+ Ke7 54. Rxd7+ Kxd7 55. Rb6 Ra5 56. Rxb4 Ra3+ 57. Kg2 Ra2+ 58. Kg3 Ra3+ 59. Kh2 Ra2+ 60. Kg1 Ra3 61. Kg2 Ra2+ 62. Kh1 Ke7 1/2-1/2

[Event "European School-ch 2019"]
[Site "Mamaia"]
[Date "2019.06.08"]
[Round "9.44"]
[White "State-Ungureanu, Elena-Anastasia"]
[Black "Levitan, Liel"]
[Result "1-0"]
[WhiteElo "1057"]
[BlackElo "1162"]
[Annotator "NA"]
[PlyCount "131"]
[EventDate "2019.05.31"]
[EventType "swiss"]
[EventCountry "ROU"]
[SourceTitle "playchess.com"]
[Source "ChessBase"]
[SourceQuality "1"]

1. e4 e5 2. Nf3 Nc6 3. Bb5 a6 4. Ba4 Nf6 5. O-O b5 6. Bb3 Bc5 7. Nxe5 Nxe5 8. d4 Bd6 9. dxe5 Bxe5 10. Nc3 O-O 11. Re1 Bb7 12. Bg5 b4 13. Na4 h6 14. Bxf6 Bxf6 15. Rb1 Qe7 16. Qd3 c5 17. Nb6 Rad8 18. Bd5 Bc6 19. Qxa6 Rfe8 20. b3 Rb8 21. Bxc6 dxc6 22. Na4 Qd6 23. Rbd1 Rxe4 24. Qf1 Rxe1 25. Rxd6 Rxf1+ 26. Kxf1 Rc8 27. Nb6 Rc7 28. Rd7 Rxd7 29. Nxd7 Bd4 30. h3 f6 31. Nb8 Kf7 32. Nxc6 Bc3 33. Ke2 Ke6 34. Kd3 Kd5 35. Ne7+ Ke5 36. a4 Kd6 37. a5 Kc7 38. Nd5+ Kc6 39. Nxc3 bxc3 40. Kxc3 Kb5 41. f4 f5 42. a6 Kxa6 43. Kc4 Kb6 44. Kd5 g5 45. g3 gxf4 46. gxf4 h5 47. h4 Kb5 48. c4+ Kb6 49. Kd6 Kb7 50. Kxc5 Kc7 51. Kd5 Kd7 52. c5 Kc7 53. b4 Kd7 54. b5 Kc7 55. b6+ Kb7 56. Kd6 Kc8 57. c6 Kb8 58. Kd7 Ka8 59. c7 Kb7 60. c8=Q+ Kxb6 61. Qc4 Kb7 62. Qc6+ Kb8 63. Qb6+ Ka8 64. Qb5 Ka7 65. Kc7 Ka8 66. Qb7# 1-0